书目信息 |
| 题名: |
概率论与数理统计解题题典
|
|
| 作者: | 胡晓敏 , 陈建兰 , 孙伟良 编 | |
| 分册: | ||
| 出版信息: | 西安 西北工业大学出版社 2004.6 |
|
| 页数: | 207页 | |
| 开本: | 23cm | |
| 丛书名: | 工科课程解题题典丛书 | |
| 单 册: | ||
| 中图分类: | O21-44 | |
| 科图分类: | ||
| 主题词: | 数理统计--shu li tong ji--高等学校--解题 , 概率论--gai lu^ lun , 概率论--gai lu^ lun--高等学校--解题 , 数理统计--shu li tong ji | |
| 电子资源: | ||
| ISBN: | 7-5612-1748-X | |
| 000 | 01262nam 2200325 450 | |
| 001 | CAL 0120060800^0 | |
| 005 | 20061113104311.50 | |
| 010 | @a7-5612-1748-X@dCNY18.00 | |
| 100 | @a20061012d2004 em y0chiy0120 ea | |
| 101 | 0 | @achi |
| 102 | @aCN@b610000 | |
| 105 | @ay a 000yy | |
| 200 | 1 | @a概率论与数理统计解题题典@Agai lu^ lun yu shu li tong ji jie ti ti dian@f胡晓敏, 陈建兰, 孙伟良编 |
| 210 | @a西安@c西北工业大学出版社@d2004.6 | |
| 215 | @a207页@d23cm | |
| 225 | 2 | @a工科课程解题题典丛书@Agong ke ke cheng jie ti ti dian cong shu |
| 320 | @a有书目 (第207页) | |
| 330 | @a本书共分为八章。每章的选题给出分析、解答, 对典型题加以点评, 总结规律及技巧。注重基本概念、基本理论、基本方法技巧的掌握和融会贯通。书末附综合性训练试题两套及其答案。 | |
| 333 | @a阅读对象: 高等学校各专业本科、专科学生, 报考硕士研究生的考生等 | |
| 410 | 0 | @12001 @a工科课程解题题典丛书 |
| 606 | 0 | @a数理统计@Ashu li tong ji@x高等学校@j解题 |
| 606 | 0 | @a概率论@Agai lu^ lun |
| 606 | 0 | @a概率论@Agai lu^ lun@x高等学校@j解题 |
| 606 | 0 | @a数理统计@Ashu li tong ji |
| 690 | @aO21-44@v4 | |
| 701 | 0 | @a胡晓敏@Ahu xiao min@4编 |
| 701 | 0 | @a陈建兰@Achen jian lan@4编 |
| 701 | 0 | @a孙伟良@Asun wei liang@4编 |
| 801 | 0 | @aCN@c20061113 |
| 905 | @a10447@dO21-44@eH514 | |
| 概率论与数理统计解题题典/胡晓敏, 陈建兰, 孙伟良编.-西安:西北工业大学出版社,2004.6 |
| 207页;23cm.-(工科课程解题题典丛书) |
| 使用对象:阅读对象: 高等学校各专业本科、专科学生, 报考硕士研究生的考生等 |
| ISBN 7-5612-1748-X:CNY18.00 |
| 本书共分为八章。每章的选题给出分析、解答, 对典型题加以点评, 总结规律及技巧。注重基本概念、基本理论、基本方法技巧的掌握和融会贯通。书末附综合性训练试题两套及其答案。 |
| ● |
| 相关链接 |
|
|
|
正题名:概率论与数理统计解题题典
索取号:O21-44/H514
 
预约/预借
| 序号 | 登录号 | 条形码 | 馆藏地/架位号 | 状态 | 备注 |
| 1 | 636602 | 206366029 | 自科库401/401自科库 47排3列1层/ [索取号:O21-44/H514] | 在馆 | |
| 2 | 636603 | 206366038 | 自科库401/401自科库 47排3列1层/ [索取号:O21-44/H514] | 在馆 | |
| 3 | 636604 | 206366047 | 自科库401/401自科库 47排3列1层/ [索取号:O21-44/H514] | 在馆 |